00213nam a2200097Ia 4500100002400000654001200024245002800036260002500064082001400089546001200103 aBayross/I & others  aingress aIntroduction to Ingress bBPBaNew Delhic1993 a5.74bPAN aENGLISH